Автоматизация производства на основе электронной вычислительной техники: учебное пособие

Bibliographic Details
Other Authors: Максимов Н. В. (составитель), Хорошилов В. О.
Summary:Исключено из фонда НТБ ТПУ
Language:Russian
Published: Москва, Высшая школа, 1987
Format: MixedMaterials Book
KOHA link:https://koha.lib.tpu.ru/cgi-bin/koha/opac-detail.pl?biblionumber=266965

MARC

LEADER 00000nam0a2200000 4500
001 266965
005 20231031223648.0
035 |a (RuTPU)RU\TPU\book\289985 
090 |a 266965 
100 |a 20140718d1987 m y0rusy50 ca 
101 0 |a rus 
102 |a RU 
105 |a a z 001zy 
200 1 |a Автоматизация производства на основе электронной вычислительной техники  |e учебное пособие  |f сост. Н. В. Максимов, В. О. Хорошилов 
210 |a Москва  |c Высшая школа  |d 1987 
215 |a 80 с.  |c ил. 
333 |a Исключено из фонда НТБ ТПУ 
702 1 |a Максимов  |b Н. В.  |4 220 
702 1 |a Хорошилов  |b В. О.  |4 220 
801 1 |a RU  |b 63413507  |c 20140718 
801 2 |a RU  |b 63413507  |c 20220301  |g RCR 
942 |c BK